Šahy v 1. polovici 20. storočia

Bibliographic Details
Main Author: Pálinkás, Tibor (Author)
Format: Article
Language:Slovak
PhysicalDescription:Fotogr.
ISSN:1336-3697
Subjects:

MARC

LEADER 00000nab a2200000 a 4500
001 vtls009279350
003 SK-MaSNL
005 20260303052530.0
008 080327 2008 xo w 000 0 slo
038 |a LVTK 
040 |a LVTK  |b slo  |e AACR2  |c LVTK 
041 1 |a slo 
044 |a xo  |c SK 
080 |a 93/94  |2 2001 
100 1 |a Pálinkás, Tibor  |4 aut  |9 684258 
245 1 0 |a Šahy v 1. polovici 20. storočia  |c Tibor Pálinkás 
300 |b Fotogr. 
648 7 |a 20. stor., 1. polovica  |2 lvtk  |9 323585 
650 0 7 |a dejiny  |2 snkph  |9 3825 
651 7 |a Šahy (Slovensko)  |2 snkph  |9 58701 
773 1 |t Prima  |g Roč. 16, č. 13 (2008), s. 8  |x 1336-3697 
852 |a LVTK  |b KIS3GCP 
999 |c 1715708  |d 1717638